000
00208 a2200097 4500
001
18134
100
_a
Sentz, R E
245
_a
Modern Comm Electronics
260
_a
_b
Holt Rinehart
_c
090
_c
13428
_d
13428
942
_a
NUST-CAE
_c
M
_c
3812
999
_c
253207
_d
253207